000 00985nam0a2200313 i 4500
001 RU\NLR\BIBL_A\010299833
005 20240725025523.0
010 _a9785995120292
021 _aRU
_b2014-5042
_9307
035 _a(NILC)RuMoRGB-006738870
035 _a(NLR Aleph) 010299833
090 _a10588061
_c10588061
100 _a20140328d2014 b y0rusy50 ca
101 1 _arus
_cund
102 _aRU
105 _ay||||||||||||
200 1 _aМаленькая фея и ее друзья
_e[для детей до 3-х лет
_fтекст и ил. Ширли Барбер]
210 _aМосква
_cСтрекоза
_d2014
215 _a[10] с.
_cцв. ил.
_d27
686 0 _aШ9(82)60-4
700 1 _aБарбер
_bШ.
_gШирли
801 0 _aRU
_bРГБ
_c20140213
_gRCR
801 1 _aRU
_bРГБ
_c20140213
_2rusmarc
942 _cBOOK
980 _aNBR